| 000 | 00834nam a22002177a 4500 | ||
|---|---|---|---|
| 999 |
_c4489 _d4489 |
||
| 003 | AR-CdUCM | ||
| 008 | 190308b ||||| |||| 00| 0 spa d | ||
| 040 |
_aMUNICIPALIDAD PROVINCIAL DEL CUSCO _cBIBLIOTECA MUNICIPAL DEL CUSCO |
||
| 082 |
_a902 / _bD61 |
||
| 100 |
_aDeschamps, Hubert _914094 |
||
| 245 | _aHistoria de las Exploraciones / | ||
| 260 |
_aespaña ; _baikos-tau , _c1971. |
||
| 300 |
_a125 páginas ; _c17.5 cm. |
||
| 440 |
_a¿qué sé? _n27 _914095 |
||
| 505 | _aContenido : Los Periodos -- Reconocimiento de Eurasia -- Los nuevos mundos americanos -- El misterio Africano -- Descubrimiento del África interior -- Las tierras Oceánicas... | ||
| 650 |
_aGrandes Exploraciones _914096 |
||
| 650 |
_aGeografia Descriptiva _910375 |
||
| 650 |
_aHistoria de la Exploracion _914097 |
||
| 942 |
_2ddc _cLIBROS |
||
| 945 | _artm | ||